| 000 | 00468nam a22001937a 4500 | ||
|---|---|---|---|
| 003 | MPLRDC | ||
| 005 | 20220104125724.0 | ||
| 008 | 210129b ||||| |||| 00| 0 eng d | ||
| 020 | _a962-388-137-1 | ||
| 082 | _a857.9 XYH-12 v.2 | ||
| 100 | _a萧玉寒 | ||
| 245 |
_a天幻神剑. 中 _c |
||
| 250 | _a初版 | ||
| 260 |
_a _b星辉图书有限公司 _c1994 |
||
| 300 | _b平 | ||
| 490 | _a玄异武侠 | ||
| 650 | _a武侠小说 | ||
| 942 |
_cBK _o857.9 XYH-12 v.2 |
||
| 999 |
_c29615 _d29605 |
||